| 000 | 01207nam a2200301Ia 4500 | ||
|---|---|---|---|
| 003 | OSt | ||
| 005 | 20221005110543.0 | ||
| 006 | a|||||r|||| 00| 0 | ||
| 007 | ta | ||
| 008 | 221004b |||||||| |||| 00| 0 hin d | ||
| 020 |
_a9788126330560 (hbk) _cINR 120.00 |
||
| 024 | _a37600 | ||
| 037 |
_bBW/1693, 15/03/2018, Bookwell _cTextual |
||
| 040 |
_aCRL _cCRL _bhin |
||
| 041 |
_2hin _ahin |
||
| 082 | _aO157,3N09,AV, 152Q1 | ||
| 100 | _aआशापूर्णा देवी | ||
| 245 | 0 | _aअविनश्वर | |
| 246 | _aAvinashvara | ||
| 260 |
_aनई दिल्ली _bभारतीय ज्ञानपीठ भारत _c2011 |
||
| 300 |
_a119पृ0 _ccm. |
||
| 490 | _aराष्ट्रभारती; ग्रन्थांक 669 | ||
| 650 | _a बंगाली साहित्य | ||
| 650 | _aबंगाली कहानी | ||
| 700 |
_a भट्टाचार्य, गीताली, अनु. _9168596 |
||
| 942 |
_hO157,3N09,AV, 152Q1 _cTEXL _2cc |
||
| 999 |
_c1019186 _d1019186 |
||